01155nab a22002177a 4500003000400000005001700004008004100021040000700062100002200069245011900091260004200210300001200252500003600264505032500300505008900625650002000714650002600734650003700760650002600797773011400823OSt20260225131848.0190506c xxu||||| |||| 00| 0 spa d cPJ aMedici, Silvia D.13a¿El principio in dubio pro operario se encuentra vigente o fue derogado por la Ley de Bases? /cSilvia D. Medici. aBuenos Aires :bAbeledoPerrot,c2025. ap. 7-16 aCita: TR LALEY AR/DOC/540/2025. aSumario: I. Introducción.— II. Principio in dubio pro operario: doctrinas a favor y en contra. Interpretación y vigencia.— III. La Ley de Bases, su reglamentación, los derechos del trabajador y la vigencia del principio in dubio pro operario. — IV. Nuestra postura.— V. Conclusiones.— VI. Bibliografía. t¿Te interesa el texto completo? Comunicate al correo: koha@justierradelfuego.gov.ar 0aDERECHO LABORAL 0aPROCEDIMIENTO LABORAL 0aCONFLICTOS COLECTIVOS DE TRABAJO 0aIN DUBIO PRO OPERARIO0 02751dBuenos Aires : AbeledoPerrot, 2013-tRevista de derecho laboral y seguridad social. Nº 8 - Abril 2025